Duolingo Courses - 3 Imposters - Statistics

General Stats
  • This quiz has been taken 84 times
  • The average score is 17 of 40
Answers on the Grid
Answers color-coded by a green-red scale on the quiz's grid according to % correct below.
Turkish
Korean
Dutch
Tagalog
Swedish
Hindi
Thai
Portuguese
Spanish
French
Japanese
Chinese
Russian
Arabic
Vietnamese
Polish
German
Klingon
Italian
Irish
Bokmål
Hebrew
Ukranian
Indonesian
Greek
Finnish
Haitian Creole
Romanian
Danish
Yiddish
High Valyrian
Latin
Hawaiian
Welsh
Swahili
Hungarian
Scottish Gaelic
Esperanto
Zulu
Icelandic
Navajo
Czech
English
 
Answer Stats
Answer % Correct
Korean
81%
Dutch
80%
Turkish
76%
Swedish
56%
Hindi
53%
German
51%
Spanish
51%
Greek
47%
Portuguese
46%
Arabic
44%
Chinese
44%
Hawaiian
44%
Russian
44%
Esperanto
42%
French
42%
Irish
42%
Japanese
42%
Klingon
42%
Welsh
42%
Danish
41%
Italian
41%
Finnish
39%
Hebrew
39%
Hungarian
39%
Latin
39%
Polish
39%
Scottish Gaelic
39%
Yiddish
39%
Navajo
37%
Czech
36%
Romanian
36%
Vietnamese
36%
English
34%
High Valyrian
32%
Indonesian
32%
Swahili
32%
Ukranian
32%
Zulu
32%
Haitian Creole
27%
Bokmål
24%
No matching quizzes found
Score Distribution
Percent of People with Each Score
Percentile by Number Answered
Your Score History
You have not taken this quiz